| 000 | 00000nam 2200000za 4500 |
| 001 | 9.641051 |
| 003 | CaOODSP |
| 005 | 20250506145323 |
| 007 | cr ||||||||||| |
| 008 | 150407|1991||||xxc|||||o f|0| 0 fre d |
| 040 | |aCaOODSP|bfre |
| 043 | |an-cn--- |
| 086 | 1 |aA53-1866/1991F-PDF |
| 110 | 1 |aCanada.|bAgriculture Canada. |
| 245 | 10|aArboriculture fruitière dans les provinces des Prairies / |h[ressource électronique]|c[par] Campbell G. Davidson, R.J. Enns et M. Reimer. |
| 260 | |aOttawa - Ontario : |bAgriculture Canada |cc1991. |
| 300 | |a52p.|bfigures, carte, tableau, photographies |
| 500 | |aPublication 1866 F. Publication historique numérisée par Agriculture et Agroalimentaire Canada. « Cette publication remplace la publication d'Agriculture Canada nº 1672/F - Fruits de verger pour les provinces des Prairies. »--p.3 de 52. |
| 590 | |a12-43-Supp|b2012-12-07 |
| 691 | 07|aCultures fruitières|2gcpds |
| 775 | 08|tTree fruit production for the Prairie Provinces / |w(CaOODSP)9.696976 |
| 776 | 0#|tArboriculture fruitière dans les provinces des Prairies / |w(CaOODSP)9.678246 |
| 795 | |tFruits de verger pour les provinces des Prairies / |w(CaOODSP)9.641898 |
| 856 | 40|ahttp://publications.gc.ca|qPDF|s4.07 Mo|uhttps://publications.gc.ca/collections/collection_2012/agr/A53-1866-1991-fra.pdf |
| 986 | |a1866/F |